Sklářské rozhledy věstník Sklářského ústavu v Hradci Králové

Bibliographic Details
New Title:Československý sklář
Format: Serial
Language:Czech
PhysicalDescription:27-30 zv. 26 cm
Published: Hradec Králové Sklářský ústav 1924-1951
Praha Prumyslové vydavatelství
Hradec Králové Státně autorisovaný výzkumný a zkušební saklářsky ústav
Hradec Králové Výzkumný sklářský ústav Dra Edvarda Beneše
Subjects:

MARC

LEADER 00000cas a2200000 a 4500
001 vtls001333292
003 SK-MaSNL
005 20260228155709.0
008 220217d19241951xr mr 0 0 0cze c
035 |a SNK000286212 
040 |a SNK  |b slo  |c SNK  |e AACR2 
041 0 |a cze  |b eng  |b fre  |b ger  |b rus 
044 |a xr  |c CZ 
072 7 |a 666  |x Sklárstvo. Keramika. Cement  |2 konspekt 
080 |a 666.1/.2  |2 2011 
080 |a (051)-027.561  |2 2011 
245 0 0 |a Sklářské rozhledy  |b věstník Sklářského ústavu v Hradci Králové 
246 1 |i Názov v rokoch 1943-1944  |a Glastechnische Rundschau = Sklářske rozhledy 
260 |a Hradec Králové  |b Sklářský ústav  |c 1924-1951 
260 3 |3 1951  |a Praha  |b Prumyslové vydavatelství 
260 2 |3 1936-1944  |a Hradec Králové  |b Státně autorisovaný výzkumný a zkušební saklářsky ústav 
260 2 |3 1946-1950  |a Hradec Králové  |b Výzkumný sklářský ústav Dra Edvarda Beneše 
300 |a 27-30 zv.  |c 26 cm 
310 |a 10x ročne 
362 0 |a Roč. 1 (1924)-roč. 27 (1951) 
500 |a Podnázov od r. 1936: věstník Státně autorisovaného výzkumného a zkušebního sklářskeho ústavu 
500 |a Podnázov od r. 1938: věstník Autorisovaného výzkumného a zkušebního sklářskeho ústavu 
546 |a Resumé angl., fran., nem. rus. 
650 0 7 |a sklárstvo  |2 SNKPH  |9 26917 
655 7 |a odborné časopisy  |2 SNKPH  |9 70505 
655 7 |a vestníky  |2 SNKPH  |9 70701 
785 0 0 |t Československý sklář 
910 |a snk 
999 |c 246  |d 246 
952 |0 0  |1 1  |4 0  |7 0  |a SNK  |b SNK  |d 1999-10-18  |l 0  |o snkČB 604/24/1947-1948  |p 17A0215092  |r 2005-01-02 00:00:00  |t č. 1-10  |w 2026-02-21  |y PREZ 
952 |0 0  |1 1  |4 0  |7 0  |a SNK  |b SNK  |d 1999-10-18  |l 0  |o snkČB 604/25/1949  |p 17A0215091  |r 2005-01-02 00:00:00  |t č. 1-10  |w 2026-02-21  |y PREZ 
952 |0 0  |1 1  |4 0  |7 0  |a SNK  |b SNK  |d 1999-10-18  |l 0  |o snkČB 604/26/1950  |p 17A0215085  |r 2005-01-02 00:00:00  |t č. 1-10  |w 2026-02-21  |y PREZ 
952 |0 0  |1 1  |4 0  |7 0  |a SNK  |b SNK  |d 1999-10-18  |l 0  |o snkČB 604/27/1951  |p 17A0215065  |r 2005-01-02 00:00:00  |t č. 1-12  |w 2026-02-21  |y PREZ 
952 |0 0  |1 1  |4 0  |7 0  |a SNK  |b SNK  |d 1998-06-03  |l 0  |o snkČB 604/23/1947  |p 17A0143925  |r 2005-01-02 00:00:00  |t č. 1-10  |w 2026-02-21  |y PREZ